A book for midwives : (Record no. 5641)

MARC details
000 -LEADER
fixed length control field 00559nam a2200193 4500
003 - CONTROL NUMBER IDENTIFIER
control field OSt
005 - DATE AND TIME OF LATEST TRANSACTION
control field 20170303153731.0
008 - FIXED-LENGTH DATA ELEMENTS--GENERAL INFORMATION
fixed length control field 170303b xxu||||| |||| 00| 0 eng d
020 ## - INTERNATIONAL STANDARD BOOK NUMBER
International Standard Book Number 033366059
040 ## - CATALOGING SOURCE
Transcribing agency 040a
082 ## - DEWEY DECIMAL CLASSIFICATION NUMBER
Classification number WQ 160
Item number K682 1996
100 ## - MAIN ENTRY--PERSONAL NAME
Personal name Klein, Susan
9 (RLIN) 11755
245 ## - TITLE STATEMENT
Title A book for midwives :
Remainder of title a handbook for community midwives and traditional birth attendants /
Statement of responsibility, etc. Susan Klein
260 ## - PUBLICATION, DISTRIBUTION, ETC. (IMPRINT)
Place of publication, distribution, etc. London
Name of publisher, distributor, etc. Macmillan
Date of publication, distribution, etc. 1996
300 ## - PHYSICAL DESCRIPTION
Extent iv, 517p;
Other physical details ill :
Dimensions 15 cm.
504 ## - BIBLIOGRAPHY, ETC. NOTE
Bibliography, etc Includes index
650 ## - SUBJECT ADDED ENTRY--TOPICAL TERM
Topical term or geographic name as entry element Midwifery
9 (RLIN) 481
942 ## - ADDED ENTRY ELEMENTS (KOHA)
Source of classification or shelving scheme Other/Generic Classification Scheme
Koha item type Open Shelf
Holdings
Withdrawn status Lost status Source of classification or shelving scheme Damaged status Not for loan Home library Current library Date acquired Source of acquisition Inventory number Total Checkouts Full call number Barcode Date last seen Price effective from Koha item type
    Other/Generic Classification Scheme     MUST Main Library MUST Main Library 03/03/2017   1997/11147   WQ 160 K682 1996 2017-0329 03/03/2017 03/03/2017 Open Shelf
    Other/Generic Classification Scheme     MUST Main Library MUST Main Library 05/04/2017   1997/11146   WQ 160 K682 1996 2017-0739 05/04/2017 05/04/2017 Open Shelf
    Dewey Decimal Classification     MUST Main Library MUST Main Library 24/02/2020 Purchase 97/11144   WQ 160 K682 1996 2020-0552 24/02/2020 24/02/2020 Open Shelf